000 00279nam a2200109Ia 4500
008 220204s9999 xx 000 0 und d
082 _a338.5.01
_bALL
100 _aALLEN, C Lee
245 0 _aPrices, income and public policy
260 _aNew York
_bMcgraw Hill
_c1959
942 _cBK
999 _c20970
_d20970